000
00216 a2200097 4500
001
26740
100
_a
Faber, R.B
245
_a
Introduction to electronic amplifiers
260
_a
_b
Merrill
_c
090
_c
17986
_d
17986
942
_a
NUST-CAE
_c
M
_c
8875
999
_c
261813
_d
261813